Zlatý máj kritická revue tvorby pro mládež
| Other Authors: | , , , , , |
|---|---|
| Format: | Journal |
| Language: | Czech Slovak |
| PhysicalDescription: | 41 zv. 19-23 cm |
| Published: |
Praha
Svaz československých spisovatelů
1956-1997
Praha Albatros |
| ISSN: | 0044-4871 |
| Subjects: |
MARC
| LEADER | 00000cas a2200000 a 4500 | ||
|---|---|---|---|
| 001 | vtls008881751 | ||
| 003 | SK-MaSNL | ||
| 005 | 20260228162210.0 | ||
| 008 | 141119d19561997xr qr|p 0 0 b0cze d | ||
| 022 | |a 0044-4871 | ||
| 035 | |a (SVKBB03)vtls000105330 | ||
| 040 | |a SVKBB |b slo |c SVKBB |d SAVUK |d SNK |e AACR2 | ||
| 041 | 0 | |a cze |a slo | |
| 044 | |a xr |c CZ | ||
| 072 | 7 | |a 82-93 |x Literatúra pre deti a mládež (o nej) |2 konspekt | |
| 080 | |a 82-93 |2 2001 | ||
| 080 | |a 050 |2 2001 | ||
| 080 | |a 316.3 |2 2001 | ||
| 080 | |a (051)-027.561 |2 2001 | ||
| 210 | 0 | |a Zlatý máj | |
| 222 | 0 | |a Zlatý máj | |
| 245 | 0 | 0 | |a Zlatý máj |b kritická revue tvorby pro mládež |
| 260 | |a Praha |b Svaz československých spisovatelů |c 1956-1997 | ||
| 260 | 3 | |3 1969-1997 |a Praha |b Albatros | |
| 300 | |a 41 zv. |c 19-23 cm | ||
| 310 | |a 4x ročne |b 1995-1997 | ||
| 321 | |a 1x mesačne (okrem júla a augusta) |b 1958, 1966-1990 | ||
| 321 | |a 6x mesačne |b 1991-1994 | ||
| 321 | |a 1x mesačne |b 1956-1957, 1959-1965 | ||
| 362 | 0 | |a Roč. 1, č. 1 (1956)-roč. 41, č. 4 (1997) | |
| 500 | |a Redaktor: 1956-1958, František Hrubín | ||
| 500 | |a Vedúci redaktor: 1959-8/1961, Oldřich Syrovátka; 9/1961-1963, František Tenčík; 1964-1968, Vladislav Stanovský; 1969-1971, 1991, Zdeněk Karel Slabý; 1972-1990, Jiří Lapáček; 1992, Zdeněk Heřman | ||
| 500 | |a Podnázov v r. 1964-1990: časopis o dětské literatuře; od r. 1991: časopis o dětské literatuře a umění | ||
| 500 | |a 1957-1968 vydáva Svaz českolovenských spisovatelů, Praha | ||
| 500 | |a 1969-1992 vydáva Albatros a Kruh přátel detské knihy, Praha | ||
| 500 | |a 1993-1997 vydáva Československá sekce IBBY/SPKM v nakl. Albatros, Praha | ||
| 546 | |a Text aj slov. | ||
| 650 | 0 | 7 | |a literatúra pre deti |2 SNKPH |9 55721 |
| 650 | 0 | 7 | |a deti a mládež |2 SNKPH |9 774 |
| 655 | 7 | |a odborné časopisy |2 SNKPH |9 70505 | |
| 700 | 1 | |a Hrubín, František, |d 1910-1971 |4 red |9 243002 | |
| 700 | 1 | |a Syrovátka, Oldřich, |d 1911-1977 |4 pbd |9 228764 | |
| 700 | 1 | |a Tenčík, František, |d 1912-1974 |4 pbd |9 238741 | |
| 700 | 1 | |a Stanovský, Vladislav, |d 1922-2005 |4 pbd |9 190980 | |
| 700 | 1 | |a Slabý, Zdeněk Karel, |d 1930-2020 |4 pbd |9 99413 | |
| 700 | 1 | |a Lapáček, Jiří |4 pbd |9 270548 | |
| 700 | 1 | |a Heřman, Zdeněk, |d 1934-1996 |4 pbd |9 270549 | |
| 910 | |a snk | ||
| 910 | |a svkbb | ||
| 910 | |a savuk | ||
| 916 | |a 1956/57-1992 | ||
| 999 | |c 7097 |d 9027 | ||
| 952 | |0 0 |1 0 |4 0 |7 0 |a SNK |b SNK |d 1999-12-02 |l 0 |o snkČSC 691/34/1990 D1 |p 17A0220671 |r 2005-01-02 00:00:00 |t č. 1-10 |w 2026-02-21 |y PREZ | ||
| 952 | |0 0 |1 0 |4 0 |7 0 |8 0 |a SNK |b SNK |d 2002-09-16 |f 1 |i snkČSP 5479/91 |l 0 |o snkČSC 691/34/1990 |p 17A0355663 |r 2005-01-02 00:00:00 |t č. 1-10 |w 2026-02-21 |y PREZ | ||
| 952 | |0 0 |1 0 |4 0 |7 0 |a SNK |b SNK |d 2023-07-14 |l 0 |o snkČSC 691/1/1956-57 D2 |p 17A1345784 |r 2026-02-21 19:29:33 |t č. 1-13, neúplný |w 2026-02-21 |y PREZ |z chýba č. 4, 10-13; | ||
| 952 | |0 0 |1 0 |4 0 |7 0 |a SNK |b SNK |d 2000-04-11 |f 1 |i snkČSP 1099/87 |l 0 |o snkČSC 691/30/1986 |p 17A0233719 |r 2005-01-02 00:00:00 |t č. 1-10 |w 2026-02-21 |y PREZ | ||
| 952 | |0 0 |1 0 |4 0 |7 0 |a SNK |b SNK |d 2001-12-07 |i snkČSP 1100/87 |l 0 |o snkČSC 691/30/1986 D1 |p 17A0323520 |r 2005-01-02 00:00:00 |t č. 1-10 |w 2026-02-21 |y PREZ | ||
| 952 | |0 0 |1 0 |4 0 |7 0 |a SNK |b SNK |d 2005-05-12 |i snkČSP 601/84 |l 0 |o snkČSC 691/27/1983 D1 |p 17A0469259 |r 2026-02-21 19:41:08 |t č. 1-10 |w 2026-02-21 |y PREZ | ||
| 952 | |0 0 |1 0 |4 0 |7 0 |a SNK |b SNK |d 2014-01-20 |i snkČSP 1187/60 |l 0 |o snkČSC 691/2/1958 D1 |p 17A1023652 |r 2026-02-21 19:44:26 |t č. 1-10 |w 2026-02-21 |y PREZ | ||
| 952 | |0 0 |1 0 |3 rekatalogizácia |4 0 |7 0 |a SNK |b SNK |d 2006-04-07 |i snkČSP 496/85 |l 0 |o snkČSC 691/28/1984 D1 |p 17A0504410 |r 2026-02-21 19:52:14 |t č. 1-10 |w 2026-02-21 |y PREZ | ||
| 952 | |0 0 |1 0 |3 rekatalogizácia |4 0 |7 0 |a SNK |b SNK |d 2006-11-16 |l 0 |o snkČSC 691/1/1956-57 D1 |p 17A0527931 |r 2026-02-21 20:04:37 |t č. 1-13 |w 2026-02-21 |y PREZ | ||
| 952 | |0 0 |1 0 |4 0 |7 0 |a SNK |b SNK |d 2014-05-21 |f 1 |i snkČSP 159/83 |l 0 |o snkČSC 691/26/1982 |p 17A0784015 |r 2026-02-21 20:06:50 |t č. 1-10 |w 2026-02-21 |y PREZ | ||
| 952 | |0 0 |1 0 |4 0 |7 0 |a SNK |b SNK |d 1998-09-16 |f 1 |i snkČSP 925/72 |l 0 |o snkČSC 691/14/1970 |p 17A0159322 |r 2005-01-01 00:00:00 |t č. 1-10 |w 2026-02-21 |y PREZ | ||
| 952 | |0 0 |1 0 |4 0 |7 0 |a SNK |b SNK |d 1996-12-03 |l 0 |o snkČSC 691/8/1964 D1 |p 17A0022773 |r 2005-01-01 00:00:00 |t č. 1-12 |w 2026-02-21 |y PREZ | ||
| 952 | |0 0 |1 0 |4 0 |7 0 |a SNK |b SNK |d 2004-11-05 |f 1 |i snkČSP 4873/89 |l 0 |o snkČSC 691/32/1988 |p 17A0448464 |r 2005-01-02 00:00:00 |t č. 1-10 |w 2026-02-21 |y PREZ | ||
| 952 | |0 0 |1 0 |4 0 |7 0 |a SNK |b SNK |d 2002-02-13 |f 1 |i snkČSP 342/74 |l 0 |o snkČSC 691/17/1973 |p 17A0333059 |r 2005-01-01 00:00:00 |t č. 1-10 |w 2026-02-21 |y PREZ | ||
| 952 | |0 0 |1 0 |4 0 |7 0 |a SNK |b SNK |d 2000-08-24 |l 0 |o snkČSC 691/29/1985 D1 |p 17A0248256 |r 2005-01-02 00:00:00 |t č. 1-10 |w 2026-02-21 |y PREZ | ||
| 952 | |0 0 |1 0 |4 0 |7 0 |a SNK |b SNK |d 1997-09-17 |f 1 |i snkČSP 880/58 |l 0 |o snkČSC 691/1/1956-57 |p 17A0095224 |r 2005-01-02 00:00:00 |t č. 1-13 |w 2026-02-21 |y PREZ | ||
| 952 | |0 0 |1 0 |4 0 |7 0 |a SNK |b SNK |d 1997-09-17 |f 1 |i snkČSP 886/59 |l 0 |o snkČSC 691/2/1958 |p 17A0095226 |r 2005-01-02 00:00:00 |t č. 1-10 |w 2026-02-21 |y PREZ | ||
| 952 | |0 0 |1 0 |4 0 |7 0 |a SNK |b SNK |d 1997-10-14 |l 0 |o snkČSC 691/36/1992 D1 |p 17A0102484 |r 2005-01-02 00:00:00 |t č. 1-6 |w 2026-02-21 |y PREZ | ||
| 952 | |0 0 |1 0 |4 0 |7 0 |a SNK |b SNK |d 2000-12-21 |f 1 |i snkČSP 3185/94 |l 0 |o snkČSC 691/36/1992 |p 17A0263614 |r 2005-01-02 00:00:00 |t č. 1-6 |w 2026-02-21 |y PREZ | ||
| 952 | |0 0 |1 0 |4 0 |7 0 |a SNK |b SNK |d 1997-11-18 |f 1 |i snkČSP 171/82 |l 0 |o snkČSC 691/25/1981 |p 17A0109722 |r 2005-01-02 00:00:00 |t č. 1-10 |w 2026-02-21 |y PREZ | ||
| 952 | |0 0 |1 0 |4 0 |7 0 |a SNK |b SNK |d 2002-09-16 |f 1 |i snkČSP 1983/86 |l 0 |o snkČSC 691/29/1985 |p 17A0355668 |r 2005-01-02 00:00:00 |t č. 1-10 |w 2026-02-21 |y PREZ | ||
| 952 | |0 0 |1 0 |4 0 |7 0 |a SNK |b SNK |d 1998-02-13 |l 0 |o snkČSC 691/35/1991 D1 |p 17A0123962 |r 2005-01-02 00:00:00 |t č. 1-6 |w 2026-02-21 |y PREZ | ||
| 952 | |0 0 |1 0 |4 0 |7 0 |a SNK |b SNK |d 2000-12-21 |f 1 |i snkČSP 3514/93 |l 0 |o snkČSC 691/35/1991 |p 17A0263734 |r 2005-01-02 00:00:00 |t č. 1-6 |w 2026-02-21 |y PREZ | ||
| 952 | |0 0 |1 0 |4 0 |7 0 |a SNK |b SNK |d 2001-02-15 |f 1 |i snkČSP 744/69 |l 0 |o snkČSC 691/12/1968 |p 17A0268423 |r 2005-01-02 00:00:00 |t č. 1-10 |w 2026-02-21 |y PREZ | ||
| 952 | |0 0 |1 0 |4 0 |7 0 |a SNK |b SNK |d 2001-02-16 |f 1 |i snkČSP 495/85 |l 0 |o snkČSC 691/28/1984 |p 17A0268598 |r 2005-01-02 00:00:00 |t č. 1-10 |w 2026-02-21 |y PREZ | ||
| 952 | |0 0 |1 0 |4 0 |7 0 |a SNK |b SNK |d 2001-08-02 |f 1 |i snkČSP 600/84 |l 0 |o snkČSC 691/27/1983 |p 17A0309485 |r 2005-01-02 00:00:00 |t č. 1-10 |w 2026-02-21 |y PREZ | ||
| 952 | |0 0 |1 0 |4 0 |7 0 |a SNK |b SNK |d 1999-01-11 |l 0 |o snkČSC 691/31/1987 D1 |p 17A0176057 |r 2005-01-02 00:00:00 |t č. 1-10 |w 2026-02-21 |y PREZ | ||
| 952 | |0 0 |1 0 |4 0 |7 0 |a SNK |b SNK |d 1998-07-01 |l 0 |o snkČSC 691/3/1959 D1 |p 17A0146198 |r 2005-01-02 00:00:00 |t č. 1-12 |w 2026-02-21 |y PREZ | ||
| 952 | |0 0 |1 0 |4 0 |7 0 |a SNK |b SNK |d 1998-07-20 |f 1 |i snkČSP 976/73 |l 0 |o snkČSC 691/16/1972 |p 17A0151689 |r 2005-01-02 00:00:00 |t č. 1-10 |w 2026-02-21 |y PREZ | ||
| 952 | |0 0 |1 0 |4 0 |7 0 |a SNK |b SNK |d 1998-08-10 |l 0 |o snkČSC 691/25/1981 D1 |p 17A0154515 |r 2005-01-02 00:00:00 |t č. 1-10 |w 2026-02-21 |y PREZ | ||
| 952 | |0 0 |1 0 |4 0 |7 0 |a SNK |b SNK |d 1998-08-06 |f 1 |i snkČSP 1217/77 |l 0 |o snkČSC 691/21/1977 |p 17A0150056 |r 2005-01-02 00:00:00 |t č. 1-10 |w 2026-02-21 |y PREZ | ||
| 952 | |0 0 |1 0 |4 0 |7 0 |a SNK |b SNK |d 1998-09-08 |f 1 |i snkČSP 1175/60 |l 0 |o snkČSC 691/3/1959 |p 17A0159303 |r 2005-01-02 00:00:00 |t č. 1-12 |w 2026-02-21 |y PREZ | ||
| 952 | |0 0 |1 0 |4 0 |7 0 |a SNK |b SNK |d 2003-01-16 |l 0 |o snkČSC 691/23/1979 D1 |p 17A0370354 |r 2005-01-02 00:00:00 |t č. 1-10 |w 2026-02-21 |y PREZ | ||
| 952 | |0 0 |1 0 |4 0 |7 0 |a SNK |b SNK |d 1998-09-16 |f 1 |i snkČSP 871/81 |l 0 |o snkČSC 691/24/1980 |p 17A0159320 |r 2005-01-02 00:00:00 |t č. 1-10 |w 2026-02-21 |y PREZ | ||
| 952 | |0 0 |1 0 |4 0 |7 0 |a SNK |b SNK |d 2001-04-20 |f 1 |i snkČSP 4587/88 |l 0 |o snkČSC 691/31/1987 |p 17A0297805 |r 2005-01-02 00:00:00 |t č. 1-10 |w 2026-02-21 |y PREZ | ||
| 952 | |0 0 |1 0 |4 0 |7 0 |a SNK |b SNK |d 1999-01-25 |l 0 |o snkČSC 691/32/1988 D1 |p 17A0175607 |r 2005-01-02 00:00:00 |t č. 1-10 |w 2026-02-21 |y PREZ | ||
| 952 | |0 0 |1 0 |4 0 |7 0 |a SNK |b SNK |d 1999-02-23 |l 0 |o snkČSC 691/33/1989 D1 |p 17A0182771 |r 2005-01-02 00:00:00 |t č. 1-10 |w 2026-02-21 |y PREZ | ||
| 952 | |0 0 |1 0 |4 0 |7 0 |a SNK |b SNK |d 2001-04-20 |f 1 |i snkČSP 1483/90 |l 0 |o snkČSC 691/33/1989 |p 17A0297737 |r 2005-01-02 00:00:00 |t č. 1-10 |w 2026-02-21 |y PREZ | ||
| 952 | |0 0 |1 0 |4 0 |7 0 |a SNK |b SNK |d 1999-04-14 |f 1 |i snkČSP 762/78 |l 0 |o snkČSC 691/22/1978 |p 17A0188122 |r 2005-01-02 00:00:00 |t č. 1-10 |w 2026-02-21 |y PREZ | ||
| 952 | |0 0 |1 0 |4 0 |7 0 |a SNK |b SNK |d 2001-04-20 |l 0 |o snkČSC 691/22/1978 D1 |p 17A0297760 |r 2005-01-02 00:00:00 |t č. 1-10 |w 2026-02-21 |y PREZ | ||
| 952 | |0 0 |1 0 |4 0 |7 0 |a SNK |b SNK |d 2002-09-16 |f 1 |i snkČSP 752/80 |l 0 |o snkČSC 691/23/1979 |p 17A0355662 |r 2005-01-02 00:00:00 |t č. 1-10 |w 2026-02-21 |y PREZ | ||
| 952 | |0 0 |1 0 |4 0 |7 0 |a SNK |b SNK |d 2002-09-16 |l 0 |o snkČSC 691/26/1982 D1 |p 17A0355674 |r 2005-01-02 00:00:00 |t č. 1-10 |w 2026-02-21 |y PREZ | ||
| 952 | |0 0 |1 0 |4 0 |7 0 |a SNK |b SNK |d 1996-12-04 |l 0 |o snkČSC 691/15/1971 D1 |p 17A0022741 |r 2005-01-01 00:00:00 |t č. 1-10 |w 2026-02-21 |y PREZ | ||
| 952 | |0 0 |1 0 |4 0 |7 0 |a SNK |b SNK |d 1998-12-11 |f 1 |i snkČSP 713/72 |l 0 |o snkČSC 691/15/1971 |p 17A0173847 |r 2005-01-01 00:00:00 |t č. 1-10 |w 2026-02-21 |y PREZ | ||
| 952 | |0 0 |1 0 |4 0 |7 0 |a SNK |b SNK |d 1996-12-04 |l 0 |o snkČSC 691/17/1973 D1 |p 17A0022742 |r 2005-01-01 00:00:00 |t č. 1-10 |w 2026-02-21 |y PREZ | ||
| 952 | |0 0 |1 0 |4 0 |7 0 |a SNK |b SNK |d 2001-12-10 |i snkČSP 343/74 |l 0 |o snkČSC 691/17/1973 D2 |p 17A0323468 |r 2005-01-01 00:00:00 |t č. 1-10 |w 2026-02-21 |y PREZ | ||
| 952 | |0 0 |1 0 |4 0 |7 0 |a SNK |b SNK |d 1996-12-04 |l 0 |o snkČSC 691/6/1962 D1 |p 17A0024662 |r 2005-01-01 00:00:00 |t č. 1-12 |w 2026-02-21 |y PREZ | ||
| 952 | |0 0 |1 0 |4 0 |7 0 |a SNK |b SNK |d 1997-10-22 |f 1 |i snkČSP 612/63 |l 0 |o snkČSC 691/6/1962 |p 17A0104543 |r 2005-01-01 00:00:00 |t č. 1-12 |w 2026-02-21 |y PREZ | ||
| 952 | |0 0 |1 0 |4 0 |7 0 |a SNK |b SNK |d 1996-12-04 |l 0 |o snkČSC 691/18/1974 D1 |p 17A0024684 |r 2005-01-01 00:00:00 |t č. 1-10 |w 2026-02-21 |y PREZ | ||
| 952 | |0 0 |1 0 |4 0 |7 0 |a SNK |b SNK |d 1997-11-18 |f 1 |i snkČSP 961/75 |l 0 |o snkČSC 691/18/1974 |p 17A0107802 |r 2005-01-01 00:00:00 |t č. 1-10 |w 2026-02-21 |y PREZ | ||
| 952 | |0 0 |1 0 |4 0 |7 0 |a SNK |b SNK |d 1996-12-04 |l 0 |o snkČSC 691/21/1977 D1 |p 17A0024665 |r 2005-01-01 00:00:00 |t č. 1-10 |w 2026-02-21 |y PREZ | ||
| 952 | |0 0 |1 0 |4 0 |7 0 |a SNK |b SNK |d 1996-12-04 |l 0 |o snkČSC 691/7/1963 D1 |p 17A0024663 |r 2005-01-01 00:00:00 |t č. 1-12 |w 2026-02-21 |y PREZ | ||
| 952 | |0 0 |1 0 |4 0 |7 0 |a SNK |b SNK |d 1998-02-23 |f 1 |i snkČSP 234/64 |l 0 |o snkČSC 691/7/1963 |p 17A0126938 |r 2005-01-01 00:00:00 |t č. 1-12 |w 2026-02-21 |y PREZ | ||
| 952 | |0 0 |1 0 |4 0 |7 0 |a SNK |b SNK |d 1996-12-04 |l 0 |o snkČSC 691/20/1976 D1 |p 17A0024664 |r 2005-01-01 00:00:00 |t č. 1-10 |w 2026-02-21 |y PREZ | ||
| 952 | |0 0 |1 0 |4 0 |7 0 |a SNK |b SNK |d 2000-07-20 |f 1 |i snkČSP 528/77 |l 0 |o snkČSC 691/20/1976 |p 17A0245805 |r 2005-01-01 00:00:00 |t č. 1-10 |w 2026-02-21 |y PREZ | ||
| 952 | |0 0 |1 0 |4 0 |7 0 |a SNK |b SNK |d 1996-12-04 |l 0 |o snkČSC 691/14/1970 D1 |p 17A0019509 |r 2005-01-01 00:00:00 |t č. 1-10 |w 2026-02-21 |y PREZ | ||
| 952 | |0 0 |1 0 |4 0 |7 0 |a SNK |b SNK |d 1996-12-03 |l 0 |o snkČSC 691/19/1975 D1 |p 17A0022771 |r 2005-01-01 00:00:00 |t č. 1-10 |w 2026-02-21 |y PREZ | ||
| 952 | |0 0 |1 0 |4 0 |7 0 |a SNK |b SNK |d 1996-12-03 |l 0 |o snkČSC 691/11/1967 D1 |p 17A0022772 |r 2005-01-01 00:00:00 |t č. 1-10 |w 2026-02-21 |y PREZ | ||
| 952 | |0 0 |1 0 |4 0 |7 0 |a SNK |b SNK |d 1998-02-16 |f 1 |i snkČSP 616/69 |l 0 |o snkČSC 691/11/1967 |p 17A0123339 |r 2005-01-01 00:00:00 |t č. 1-10 |w 2026-02-21 |y PREZ | ||
| 952 | |0 0 |1 0 |4 0 |7 0 |a SNK |b SNK |d 1998-02-11 |f 1 |i snkČSP 374/65 |l 0 |o snkČSC 691/8/1964 |p 17A0123160 |r 2005-01-01 00:00:00 |t č. 1-12 |w 2026-02-21 |y PREZ | ||
| 952 | |0 0 |1 0 |4 0 |7 0 |a SNK |b SNK |d 1996-12-03 |l 0 |o snkČSC 691/9/1965 D1 |p 17A0022774 |r 2005-01-01 00:00:00 |t č. 1-12 |w 2026-02-21 |y PREZ | ||
| 952 | |0 0 |1 0 |4 0 |7 0 |a SNK |b SNK |d 1998-09-08 |f 1 |i snkČSP 439/67 |l 0 |o snkČSC 691/9/1965 |p 17A0159812 |r 2005-01-01 00:00:00 |t č. 1-12 |w 2026-02-21 |y PREZ | ||
| 952 | |0 0 |1 0 |4 0 |7 0 |a SNK |b SNK |d 1996-12-03 |l 0 |o snkČSC 691/13/1969 D1 |p 17A0022756 |r 2005-01-01 00:00:00 |t č. 1-10 |w 2026-02-21 |y PREZ | ||
| 952 | |0 0 |1 0 |4 0 |7 0 |a SNK |b SNK |d 1998-08-12 |f 1 |i snkČSP 503/70 |l 0 |o snkČSC 691/13/1969 |p 17A0154753 |r 2005-01-01 00:00:00 |t č. 1-10 |w 2026-02-21 |y PREZ | ||
| 952 | |0 0 |1 0 |4 0 |7 0 |a SNK |b SNK |d 1996-12-03 |l 0 |o snkČSC 691/10/1966 D1 |p 17A0022750 |r 2005-01-01 00:00:00 |t č. 1-10 |w 2026-02-21 |y PREZ | ||
| 952 | |0 0 |1 0 |4 0 |7 0 |a SNK |b SNK |d 1997-01-29 |f 1 |i snkČSP 913/67 |l 0 |o snkČSC 691/10/1966 |p 17A0033752 |r 2005-01-01 00:00:00 |t č. 1-10 |w 2026-02-21 |y PREZ | ||
| 952 | |0 0 |1 0 |4 0 |7 0 |a SNK |b SNK |d 2004-12-02 |i snkČSP 872/81 |l 0 |o snkČSC 691/24/1980 D1 |p 17A0452839 |r 2005-01-01 00:00:00 |t č. 1-10 |w 2026-02-21 |y PREZ | ||
| 952 | |0 0 |1 0 |4 0 |7 0 |a SNK |b SNK |d 1996-12-06 |l 0 |o snkČSC 691/16/1972 D1 |p 17A0025431 |r 2005-01-01 00:00:00 |t č. 1-10 |w 2026-02-21 |y PREZ | ||
| 952 | |0 0 |1 0 |4 0 |7 0 |a SNK |b SNK |d 1996-12-06 |l 0 |o snkČSC 691/4/1960 D1 |p 17A0025434 |r 2005-01-01 00:00:00 |t č. 1-12 |w 2026-02-21 |y PREZ | ||
| 952 | |0 0 |1 0 |4 0 |7 0 |a SNK |b SNK |d 1998-09-08 |f 1 |i snkČSP 1574/61 |l 0 |o snkČSC 691/4/1960 |p 17A0159844 |r 2005-01-01 00:00:00 |t č. 1-12 |w 2026-02-21 |y PREZ | ||
| 952 | |0 0 |1 0 |4 0 |7 0 |a SNK |b SNK |d 1996-12-06 |l 0 |o snkČSC 691/5/1961 D1 |p 17A0025429 |r 2005-01-01 00:00:00 |t č. 1-12 |w 2026-02-21 |y PREZ | ||
| 952 | |0 0 |1 0 |4 0 |7 0 |a SNK |b SNK |d 1998-09-08 |f 1 |i snkČSP 274/62 |l 0 |o snkČSC 691/5/1961 |p 17A0159847 |r 2005-01-01 00:00:00 |t č. 1-12 |w 2026-02-21 |y PREZ | ||
| 952 | |0 0 |1 0 |4 0 |7 0 |a SNK |b SNK |d 2005-09-30 |i snkČSP 745/69 |l 0 |o snkČSC 691/12/1968 D1 |p 17A0486311 |r 2026-02-21 21:40:16 |t č. 1-10 |w 2026-02-21 |y PREZ | ||
| 952 | |0 0 |1 0 |4 0 |7 0 |a SNK |b SNK |d 2001-11-09 |f 1 |i snkČSP 1058/76 |l 0 |o snkČSC 691/19/1975 |p 17A0321351 |r 2005-01-01 00:00:00 |t č. 1-10 |w 2026-02-21 |y PREZ | ||


